[Event "Match"]
[Site "www.echecsemail.com"]
[Date "2019.10.27"]
[Round "1"]
[White "Chapi"]
[Black "Logout"]
[WhiteElo "2140"]
[BlackElo "2040"]
[Result "1/2-1/2"]
[Round "1"]
1.d4 Ng8f6
2.c4 c5
3.Ng1f3 d6
4.dxc5 dxc5
5.Nb1c3 Nb8c6
6.Bc1f4 Bc8d7
7.g3 e6
8.Bf1g2 Ra8c8
9.O-O b6
10.Nc3b5 a6
11.Nb5d6 Bf8xd6
12.Bf4xd6 Nc6a7
13.Nf3e5 b5
14.Bg2b7 Qd8b6
15.Bb7xc8 Na7xc8
16.Ne5xd7 Qb6xd6
17.Nd7xf6 gxf6
18.Qd1xd6 Nc8xd6
19.cxb5 axb5
20.b3 Ke7
21.a4 bxa4
22.bxa4 Rh8a8
23.Rf1c1 c4
24.a5 f5
25.Kg2 f6
26.Rc1b1 h5
27.a6 c3
28.Rb1c1 Nd6b5
29.Kh3 e5
30.Ra1a5 Nb5d4
31.Rc1c2 Nd4xc2
32.Ra5c5 Ra8xa6
33.Rc5xc3 Nc2d4
34.e3 Nd4e6
35.Kh4 Ra6a4
36.Kxh5 Ra4a8
37.e4 Kf7
38.exf5 Ne6g7
39.Kg4 Ra8a4
40.Kf3 Ng7xf5
41.Kg2 Kg6
42.Rc3c8 Ra4a7
43.Rc8e8 Ra7e7
44.Re8xe7 Nf5xe7
45.Kf3 Ne7d5
46.Kg4 f5
47.Kh3 Kg5
48.Kg2 Kg4
49.f3 Kg5
50.h4 Kh5
51.Kh3 Nd5e3
52.Kh2 f4
53.Kh3 Ne3f5
54.g4 Kg6
55.gxf5 Kxf5
56.Kg2 Kg6
57.Kh2 Kh6
58.Kg2 { draw }
1/2-1/2

[Event "Match"]
[Site "www.echecsemail.com"]
[Date "2019.10.27"]
[Round "1"]
[White "Andychesston"]
[Black "Picifarkinca"]
[WhiteElo "1890"]
[BlackElo "1610"]
[Result "0-1"]
[Round "1"]
1.e4 e6
2.d4 d5
3.exd5 exd5
4.Ng1f3 Nb8c6
5.Nb1c3 a6
6.Bf1e2 Ng8f6
7.Bc1d2 Bf8e7
8.O-O O-O
9.Rf1e1 Bc8f5
10.Be2d3 Bf5xd3
11.cxd3 Rf8e8
12.Re1e2 Be7d6
13.Qd1b3 Re8xe2
14.Nc3xe2 Ra8b8
15.h3 h6
16.Bd2f4 Bd6xf4
17.Ne2xf4 Qd8d6
18.Ra1e1 Qd6xf4
19.Qb3c3 Rb8e8
20.Re1xe8 Nf6xe8
21.Nf3e5 Qf4xd4
22.Qc3xc6 bxc6
23.Ne5xc6 Qd4xd3
{ resign }
0-1

[Event "Tourn. n10191"]
[Site "www.echecsemail.com"]
[Date "2019.10.27"]
[Round "1"]
[White "Ditto"]
[Black "Cal"]
[WhiteElo "1820"]
[BlackElo "1700"]
[Result "0-1"]
[Round "1"]
1.e4 e5
2.Ng1f3 d6
3.Bf1c4 h6
4.Nb1c3 Bc8g4
5.d3 Nb8c6
6.Bc1e3 Ng8f6
7.Nc3b1 a6
8.c3 Bf8e7
9.Qd1b3 O-O
10.Qb3xb7 Nc6a5
11.Qb7b4 Na5c6
12.Qb4b3 Ra8b8
13.Nb1d2 Bg4xf3
14.Nd2xf3 Rb8xb3
15.Bc4xb3 Nf6g4
16.Be3d2 Kh8
17.O-O-O Ng4xf2
18.h4 f5
19.exf5 Rf8xf5
20.Rd1f1 Nf2xd3
21.Kc2 Nd3c5
22.Bb3d5 Nc6b8
23.Rf1e1 c6
24.Bd5c4 e4
25.Nf3d4 Be7f6
26.Nd4e2 Nb8d7
27.b4 Nc5a4
28.Bc4e6 Rf5f2
29.g3 Nd7e5
30.Be6b3 Na4b6
31.Ne2d4 c5
32.bxc5 dxc5
33.Nd4f5 Qd8xd2
34.Kb1 Qd2b2
{ resign }
0-1

[Event "Tourn. n10213"]
[Site "www.echecsemail.com"]
[Date "2019.10.27"]
[Round "1"]
[White "Jerome"]
[Black "Jazzy"]
[WhiteElo "2590"]
[BlackElo "2390"]
[Result "1-0"]
[Round "1"]
1.e4 c5
2.Ng1f3 d6
3.d4 cxd4
4.Nf3xd4 Ng8f6
5.Nb1c3 a6
6.Bc1g5 e6
7.f4 Qd8b6
8.Qd1d2 Qb6xb2
9.Ra1b1 Qb2a3
10.e5 dxe5
11.fxe5 Nf6d7
12.Nc3e4 h6
13.Bg5h4 Qa3xa2
14.Rb1d1 Qa2d5
15.Qd2e3 Qd5a5
16.c3 Nb8c6
17.Nd4xc6 bxc6
18.Bf1e2 Bf8e7
19.Bh4xe7 Kxe7
20.Qe3g3 g5
21.O-O Nd7xe5
22.Rf1f6 Ra8b8
23.Rf6xh6 { resign }
1-0

[Event "Match"]
[Site "www.echecsemail.com"]
[Date "2019.10.27"]
[Round "1"]
[White "Apdash"]
[Black "Micheles"]
[WhiteElo "2180"]
[BlackElo "2600"]
[Result "0-1"]
[Round "1"]
1.e4 c6
2.Ng1f3 d5
3.exd5 cxd5
4.d4 Ng8f6
5.c4 e6
6.Bc1g5 Bf8e7
7.Nb1c3 O-O
8.cxd5 Nf6xd5
9.Bg5xe7 Qd8xe7
10.Bf1e2 Nd5f4
11.O-O Nf4xe2
12.Qd1xe2 Nb8d7
13.Rf1e1 Nd7f6
14.Ra1d1 Rf8d8
15.h3 Qe7f8
16.Nf3e5 Nf6d5
17.Rd1d3 Nd5f4
18.Qe2f3 Nf4xd3
19.Qf3xd3 Bc8d7
20.Nc3e4 f6
21.Ne5xd7 Rd8xd7
22.Qd3c4 Ra8d8
23.Qc4xe6 Qf8f7
24.Ne4c5 Rd7xd4
25.Nc5xb7 Qf7xe6
26.Re1xe6 Rd4d1
27.Kh2 Rd8d2
28.Re6a6 Rd2xb2
29.Kg3 Rb2xb7
30.Ra6a4 Rd1a1
31.f4 Rb7b2
32.Ra4xa7 Ra1xa2
{ resign }
0-1

[Event "Tourn. n10195"]
[Site "www.echecsemail.com"]
[Date "2019.10.28"]
[Round "1"]
[White "Johnmcbride"]
[Black "Jackbauer"]
[WhiteElo "1920"]
[BlackElo "1930"]
[Result "1-0"]
[Round "1"]
1.e4 c5
2.Bf1c4 e6
3.d3 a6
4.a3 Nb8c6
5.c3 b5
6.Bc4b3 Ng8e7
7.Ng1f3 h6
8.O-O Ne7g6
9.h3 Bf8e7
10.Bc1e3 Ng6e5
11.Nf3xe5 Nc6xe5
12.Bb3c2 Be7f6
13.Be3xc5 Bf6e7
14.Bc5xe7 Qd8xe7
15.Nb1d2 O-O
16.Nd2f3 Ne5g6
17.Qd1d2 e5
18.b4 d6
19.Bc2b3 Bc8d7
20.Bb3d5 Ng6f4
21.Bd5xa8 Rf8xa8
22.Rf1d1 f5
23.exf5 Bd7xf5
24.d4 e4
25.Qd2xf4 Ra8f8
26.Qf4e3 d5
27.Nf3e5 Kh7
28.Ne5c6 Qe7d6
29.Nc6e5 Kg8
30.Ra1a2 Rf8f6
31.Rd1f1 Qd6c7
32.Ra2c2 Kh8
33.g4 Bf5h7
34.f3 a5
35.Rc2f2 axb4
36.axb4 Rf6f8
37.f4 Rf8a8
38.f5 Bh7g8
39.f6 g5
40.f7 Bg8xf7
41.Rf2xf7 Qc7d6
42.Rf1f6 { resign }
1-0

[Event "Match"]
[Site "www.echecsemail.com"]
[Date "2019.10.28"]
[Round "1"]
[White "Bahadirozen"]
[Black "Johndyson"]
[WhiteElo "1809"]
[BlackElo "2500"]
[Result "0-1"]
[Round "1"]
1.e4 c6
2.d4 d5
3.Nb1c3 dxe4
4.Nc3xe4 Bc8f5
5.Ne4g3 Bf5g6
6.h4 h6
7.Ng1f3 Nb8d7
 { time }
0-1

[Event "Tourn. n10209"]
[Site "www.echecsemail.com"]
[Date "2019.10.28"]
[Round "1"]
[White "Kevinking"]
[Black "Ditto"]
[WhiteElo "2020"]
[BlackElo "1910"]
[Result "1/2-1/2"]
[Round "1"]
1.f4 d5
2.Ng1f3 Nb8c6
3.e3 Bc8g4
4.d3 e6
5.Bf1e2 Bf8b4
6.Bc1d2 Bb4d6
7.d4 a6
8.c4 dxc4
9.Be2xc4 Qd8f6
10.Nb1c3 Ng8e7
11.Nc3e4 Qf6g6
12.Bc4d3 Bg4f5
13.Nf3h4 Qg6h6
14.Nh4xf5 Ne7xf5
15.Qd1f3 Qh6h4
16.g3 Qh4d8
17.Ne4xd6 Nf5xd6
18.Ra1c1 O-O
19.d5 exd5
20.Qf3xd5 Qd8d7
21.e4 Qd7h3
{ draw }
1/2-1/2

[Event "Match"]
[Site "www.echecsemail.com"]
[Date "2019.10.28"]
[Round "1"]
[White "Bahadirozen"]
[Black "Krystek23"]
[WhiteElo "1809"]
[BlackElo "2500"]
[Result "0-1"]
[Round "1"]
1.e4 c5
2.Ng1f3 e6
3.d4 cxd4
4.Nf3xd4 Nb8c6
5.Nb1c3 Qd8c7
6.g3 Ng8f6
7.Nd4b5 Qc7b8
8.Bc1f4 e5
 { time }
0-1

[Event "Tourn. n10197"]
[Site "www.echecsemail.com"]
[Date "2019.10.28"]
[Round "1"]
[White "Picifarkinca"]
[Black "Osopanda"]
[WhiteElo "1520"]
[BlackElo "1590"]
[Result "1-0"]
[Round "1"]
1.b3 Ng8f6
2.Bc1b2 e6
3.c4 c5
4.Nb1c3 Nb8c6
5.Ng1f3 d6
6.g3 Bf8e7
7.Bf1g2 O-O
8.O-O Nc6d4
9.e3 Nd4xf3
10.Bg2xf3 a6
11.d4 cxd4
12.exd4 Ra8b8
13.Qd1e2 Rf8e8
14.Ra1d1 b5
15.cxb5 axb5
16.Nc3xb5 Bc8d7
17.Nb5c3 d5
18.Rd1c1 Be7d6
19.Qe2d2 Nf6e4
20.Nc3xe4 dxe4
21.Bf3xe4 Bd7b5
22.Rf1d1 Qd8b6
23.Qd2c2 Bb5a6
24.Be4xh7 Kh8
25.Bh7d3 Ba6xd3
26.Qc2xd3 Re8c8
27.d5  { time }
1-0

[Event "Tourn. n10221"]
[Site "www.echecsemail.com"]
[Date "2019.10.28"]
[Round "1"]
[White "Osopanda"]
[Black "Fabos12"]
[WhiteElo "1600"]
[BlackElo "1650"]
[Result "1-0"]
[Round "1"]
1.e4 e6
2.d4 Nb8c6
3.Bc1e3 b6
4.Ng1f3 Bc8b7
5.c4 d5
6.cxd5 exd5
7.exd5 Qd8xd5
8.Nb1c3 Qd5a5
9.Bf1d3  { time }
1-0

[Event "Tourn. n10209"]
[Site "www.echecsemail.com"]
[Date "2019.10.28"]
[Round "1"]
[White "Malbertan"]
[Black "Kevinking"]
[WhiteElo "2000"]
[BlackElo "2020"]
[Result "1-0"]
[Round "1"]
1.e4 e6
2.d4 d5
3.Nb1c3 Ng8f6
4.Bc1g5 Bf8b4
5.e5 h6
6.Bg5d2 Bb4xc3
7.bxc3 Nf6e4
8.Qd1g4 g6
9.Bf1d3 Ne4xd2
10.Kxd2 Qd8g5
11.Qg4xg5 hxg5
12.Ng1f3 g4
13.Nf3g5 Nb8c6
14.Bd3e2 Bc8d7
15.Be2xg4 Nc6a5
16.Bg4e2 Ke7
17.h4 Na5c4
18.Be2xc4 dxc4
19.Rh1h2 Bd7c6
20.Ke3 f6
21.exf6 Kxf6
22.Ng5e4 Bc6xe4
23.Kxe4 c6
24.Ra1h1 Rh8h7
25.g4 Rh7g7
26.g5 Ke7
27.f4 b5
28.h5 Kd6
29.hxg6 Rg7xg6
30.Rh2h6 Ra8g8
31.Rh6xg6 Rg8xg6
32.Rh1h6 Rg6xh6
33.gxh6 { resign }
1-0

[Event "Match"]
[Site "www.echecsemail.com"]
[Date "2019.10.28"]
[Round "1"]
[White "Apdash"]
[Black "Aperturaf"]
[WhiteElo "2230"]
[BlackElo "2730"]
[Result "0-1"]
[Round "1"]
1.e4 e6
2.d4 d5
3.e5 c5
4.c3 Nb8c6
5.Bf1b5 Qd8a5
6.Bb5xc6 bxc6
7.Bc1d2 Qa5b6
8.Qd1b3 cxd4
9.Qb3xb6 axb6
10.cxd4 Ng8e7
11.Nb1c3 Ne7f5
12.Ng1e2 f6
13.f4 h5
14.a3 Bc8a6
15.Kf2 c5
16.dxc5 Bf8xc5
17.Ke1 fxe5
18.fxe5 Nf5d4
19.Ne2xd4 Bc5xd4
20.Bd2f4 O-O
21.g3 Rf8f5
22.Kd2 g5
23.Bf4e3 Bd4xe3
24.Kxe3 d4
25.Kxd4 Ra8d8
26.Ke3 Rd8d3
27.Ke4 Rf5f3
{ resign }
0-1

[Event "Tourn. n10179"]
[Site "www.echecsemail.com"]
[Date "2019.10.28"]
[Round "1"]
[White "Conde7"]
[Black "Jerome"]
[WhiteElo "2870"]
[BlackElo "2420"]
[Result "1/2-1/2"]
[Round "1"]
1.e4 c5
2.Ng1f3 e6
3.Nb1c3 d6
4.d4 cxd4
5.Nf3xd4 Ng8f6
6.Bc1e3 a6
7.a3 h5
8.Bf1c4 b5
9.Bc4a2 Bc8b7
10.f3 Nb8c6
11.Qd1e2 Ra8c8
12.Ra1d1 Nc6xd4
13.Be3xd4 Bf8e7
14.O-O h4
15.Rd1d2 Qd8c7
16.Qe2f2 Kf8
17.h3 Kg8
18.Nc3e2 Nf6d7
19.Rf1c1 Qc7b8
20.c4 bxc4
21.Ba2xc4 Nd7e5
22.Bc4a2 Rc8xc1
23.Ne2xc1 Ne5g6
24.Nc1e2 Rh8h5
25.Ne2c3 Ng6f4
26.Bd4a7 Qb8c7
27.Rd2c2 Qc7d8
28.Ba7e3 Be7g5
29.Rc2d2 Bg5h6
30.Kh1 Qd8g5
31.Qf2f1 Qg5e7
32.Rd2d1 Rh5e5
33.Ba2b1 Nf4h5
34.Qf1d3 Bh6xe3
35.Qd3xe3 Nh5g3
36.Kh2 g5
37.Bb1d3 d5
38.Qe3a7 Qe7f6
39.Kg1 dxe4
40.fxe4 g4
41.hxg4 Qf6g5
42.Qa7xb7 Qg5e3
43.Kh2 Kg7
44.Rd1f1 Ng3xf1
45.Bd3xf1 Qe3f4
46.Kg1 Qf4e3
47.Kh1 Qe3c1
48.Qb7xa6 Qc1xb2
49.Qa6c4 Qb2xa3
50.Nc3d1 Re5a5
51.Kg1 Ra5a4
52.Qc4b5 Ra4a5
{ draw }
1/2-1/2

[Event "Match"]
[Site "www.echecsemail.com"]
[Date "2019.10.28"]
[Round "1"]
[White "Cal"]
[Black "Said13"]
[WhiteElo "1820"]
[BlackElo "1809"]
[Result "0-1"]
[Round "1"]
1.c4 e5
2.e4 d6
3.h3 g6
4.d3 Bf8g7
5.Nb1c3 Ng8e7
6.Bc1g5 c6
7.b4 a5
8.b5 O-O
9.Ng1f3 h6
10.Bg5xe7 Qd8xe7
11.a4 f5
12.exf5 Bc8xf5
13.Bf1e2 e4
14.Nf3h2 Bg7xc3
15.Kf1 Bc3xa1
16.Qd1xa1 exd3
17.Be2f3 d2
18.Bf3e2 Nb8d7
19.Nh2f3 Ra8e8
20.Qa1d1 Nd7e5
21.Nf3xd2 Bf5d3
22.Be2xd3 Ne5xd3
23.Nd2f3 Rf8xf3
24.gxf3 Qe7e1
25.Qd1xe1 Re8xe1
26.Kg2 Re1xh1
27.Kxh1 Nd3xf2
28.Kg2 Nf2d1
29.Kg3 Nd1b2
30.Kf4 Nb2xc4
31.bxc6 bxc6
32.Ke4 Nc4b2
33.f4 Nb2xa4
34.h4 Na4c5
35.Kd4 Kf7
36.Kc4 Ke6
37.Kd4 Kf5
38.Ke3 a4
{ resign }
0-1

[Event "Tourn. n10173"]
[Site "www.echecsemail.com"]
[Date "2019.10.28"]
[Round "1"]
[White "Jerome"]
[Black "D4minance"]
[WhiteElo "2420"]
[BlackElo "2830"]
[Result "1/2-1/2"]
[Round "1"]
1.e4 c5
2.Ng1f3 d6
3.d4 cxd4
4.Nf3xd4 Ng8f6
5.Nb1c3 a6
6.Bc1g5 e6
7.f4 h6
8.Bg5h4 Qd8b6
9.Qd1d2 Qb6xb2
10.Ra1b1 Qb2a3
11.e5 dxe5
12.fxe5 Nf6d7
13.Nc3e4 Qa3xa2
14.Rb1d1 Qa2d5
15.Qd2e3 Qd5xe5
16.Bf1e2 Bf8c5
17.Bh4g3 Qe5d5
18.O-O e5
19.Ne4xc5 Qd5xc5
20.Rf1xf7 Kxf7
21.Qe3b3 Ke7
22.Bg3f2 exd4
23.Bf2xd4 Qc5d6
24.Be2h5 g6
25.Qb3e3 Qd6e6
26.Qe3g3 Rh8f8
27.Bh5g4 Qe6c4
28.Qg3e3 Kf7
29.Rd1f1 Qc4xf1
30.Kxf1 Kg8
31.Bg4f3 Nb8c6
32.Bd4b2 Rf8f7
33.Kg1 Kh7
34.Bf3d5 Rf7e7
35.Qe3f4 Nd7e5
36.Bd5xc6 bxc6
37.Bb2xe5 Bc8f5
38.Be5c3 Ra8e8
39.Bc3d2 h5
40.c4 a5
41.Qf4h6 Kg8
42.Bd2c3 Re7h7
43.Qh6g5 Rh7f7
44.Bc3xa5 Re8e2
45.Qg5d8 Rf7f8
46.Qd8d6 { draw }
1/2-1/2

[Event "Tourn. n10187"]
[Site "www.echecsemail.com"]
[Date "2019.10.28"]
[Round "1"]
[White "Claudia"]
[Black "Ff333"]
[WhiteElo "2170"]
[BlackElo "2060"]
[Result "0-1"]
[Round "1"]
1.d4 d5
2.c4 Ng8f6
3.cxd5 Nf6xd5
4.e4 Nd5f6
5.Nb1c3 e6
6.Ng1f3 Bf8b4
7.e5 Nf6d5
8.Bc1d2 Nd5xc3
9.Bd2xc3 Qd8e7
10.Bf1d3 Nb8c6
11.O-O O-O
12.Qd1e2 a6
13.Qe2e4 g6
14.Qe4e3 Bb4xc3
15.bxc3 Kg7
16.Nf3g5 Rf8h8
17.Ng5e4 Nc6b8
18.g4 b6
19.Ne4f6 Nb8d7
20.g5 h6
21.f4 Bc8b7
22.Bd3e4 Bb7xe4
23.Qe3xe4 c5
24.Kg2 hxg5
25.fxg5 cxd4
26.cxd4 b5
27.Ra1c1 Nd7b6
28.h4 Nb6c4
29.Rf1h1 Qe7a3
30.h5 Nc4e3
 { time }
0-1

[Event "Match"]
[Site "www.echecsemail.com"]
[Date "2019.10.28"]
[Round "1"]
[White "Pipas"]
[Black "Juantonio"]
[WhiteElo "2069"]
[BlackElo "1909"]
[Result "0-1"]
[Round "1"]
1.e4 e5
2.Bf1c4 Ng8f6
3.Qd1f3 Bf8c5
4.Nb1c3 d6
5.Nc3d5 Nb8d7
6.Ng1e2 c6
7.Nd5xf6 Nd7xf6
8.d3 h6
9.h3 Bc8e6
10.O-O b5
11.Bc4xe6 fxe6
12.Bc1e3 Bc5b6
13.Ne2g3 O-O
14.Qf3e2 a5
15.a3 Ra8c8
16.b4 a4
17.c4 Bb6xe3
18.Qe2xe3 Qd8e7
19.cxb5 cxb5
20.Rf1c1 Qe7b7
21.Rc1xc8 Rf8xc8
22.Ra1c1 Rc8xc1
23.Qe3xc1 Kh7
24.Ng3e2 Nf6h5
25.d4 Qb7xe4
26.Ne2g3 Nh5xg3
27.fxg3 Qe4xd4
28.Kh2 Qd4d3
29.Qc1c6 e4
30.Kg1 e3
31.Qc6f3 e5
32.Qf3f1 Qd3xf1
33.Kxf1 d5
34.Ke2 d4
35.Kd3 Kg6
36.g4 Kf6
37.g3 Ke6
38.h4 Kd5
39.g5 hxg5
40.hxg5 e4
41.Ke2 Kc4
42.Kf1 Kd3
43.Kg2 e2
44.Kh3 e1Q
45.Kh4 g6
46.Kg4 Qe1f2
47.Kh4 e3
48.Kh3 e2
49.g4 Qf2f3
50.Kh2 Qf3f2
51.Kh3 Qf2g1
52.Kh4 Qg1h2

0-1

[Event "Fast Game"]
[Site "www.echecsemail.com"]
[Date "2019.10.28"]
[Round "1"]
[White "Hennie4820"]
[Black "Ranjachess"]
[WhiteElo "1580"]
[BlackElo "1620"]
[Result "0-1"]
[Round "1"]
1.e4 e5
2.Ng1f3 d6
3.Bf1c4 Bc8g4
4.d4 exd4
5.Qd1xd4 Bg4xf3
6.Qd4d5 Qd8e7
7.gxf3 c6
8.Qd5d3 Nb8d7
9.Bc1f4 Qe7f6
10.Bf4g3 Nd7e5
 { time }
0-1

[Event "Match"]
[Site "www.echecsemail.com"]
[Date "2019.10.29"]
[Round "1"]
[White "Gimmyg"]
[Black "Bahadirozen"]
[WhiteElo "2560"]
[BlackElo "1809"]
[Result "1-0"]
[Round "1"]
1.Nb1c3 e5
2.e4 Ng8f6
3.Ng1f3 Nb8c6
4.Bf1b5 Nc6d4
5.Bb5c4 Bf8c5
6.Nf3xe5 Qd8e7
7.Ne5f3 d5
8.Bc4xd5 Bc8g4
9.d3 O-O-O
10.Bc1e3  { time }
1-0

[Event "Match"]
[Site "www.echecsemail.com"]
[Date "2019.10.29"]
[Round "1"]
[White "Apdash"]
[Black "Hundegana"]
[WhiteElo "2160"]
[BlackElo "2040"]
[Result "1-0"]
[Round "1"]
1.e4 c5
2.Ng1f3 e6
3.d4 cxd4
4.Nf3xd4 Nb8c6
5.Nd4xc6 bxc6
6.Bf1e2 Bf8c5
7.O-O Ng8e7
8.Bc1g5 f6
9.Bg5h4 O-O
10.Nb1c3 Ne7g6
11.Bh4g3 Kh8
12.Bg3d6 Bc5xd6
13.Qd1xd6 Qd8e7
14.Qd6c7 Qe7d8
15.Qc7d6 Qd8e7
16.Qd6d2 Ra8b8
17.b3 Bc8b7
18.Ra1d1 Rf8d8
19.Qd2e3 d6
20.Qe3xa7 Rb8a8
21.Qa7e3 Ng6e5
22.f4 Ne5f7
23.a4 d5
24.exd5 cxd5
25.Nc3b5 Ra8c8
26.c4 dxc4
27.Rd1xd8 Nf7xd8
28.Be2xc4 Qe7c5
29.Qe3xc5 Rc8xc5
30.Rf1d1 Rc5c8
31.Nb5d6 Rc8b8
32.Nd6xb7 Nd8xb7
33.Bc4xe6 Nb7c5
34.Be6c4 Rb8e8
35.a5 g6
36.b4 Nc5a4
37.Bc4b5 Na4c3
38.Bb5xe8 Nc3xd1
39.a6 Nd1c3
40.a7 Nc3d5
41.a8Q Nd5xb4
42.Be8c6 Kg7
43.Qa8b7 Kh6
44.Qb7xb4 Kh5
45.Bc6f3 Kh6
46.Qb4f8 { resign }
1-0

[Event "Tourn. n10214"]
[Site "www.echecsemail.com"]
[Date "2019.10.29"]
[Round "1"]
[White "Jerome"]
[Black "Galiany17"]
[WhiteElo "2560"]
[BlackElo "2490"]
[Result "1-0"]
[Round "1"]
1.e4 c5
2.Ng1f3 e6
3.d4 cxd4
4.Nf3xd4 Nb8c6
5.Nb1c3 d6
6.Bc1e3 Ng8f6
7.f3 d5
8.Bf1b5 Bc8d7
9.exd5 Nf6xd5
10.Nc3xd5 exd5
11.Qd1d2 Bf8d6
12.O-O-O O-O
13.Nd4e2 Bd7e6
14.h4 a6
15.Bb5xc6 bxc6
16.h5 h6
17.g4 Bd6e7
18.Rd1g1 Ra8b8
19.g5 hxg5
20.Be3xg5 Be7xg5
21.Rg1xg5 Qd8f6
22.c3 Kh8
23.Ne2d4 Be6d7
24.Rg5g6 Qf6e5
25.f4 Qe5e8
26.f5 Qe8e5
27.Rg6h6 Kg8
28.f6 Qe5g3
29.Nd4e2 Qg3g4
30.Rh1g1 { resign }
1-0

[Event "Tourn. n10236"]
[Site "www.echecsemail.com"]
[Date "2019.10.29"]
[Round "1"]
[White "Libiesse"]
[Black "Fantomas"]
[WhiteElo "2010"]
[BlackElo "2210"]
[Result "0-1"]
[Round "1"]
1.Ng1f3 d5
2.d4 Ng8f6
3.c4 e6
4.Bc1g5 Bf8e7
5.Nb1c3 h6
6.Bg5h4 O-O
7.e3 b6
8.cxd5 Nf6xd5
9.Bh4g3 Be7d6
10.Bf1d3 Bc8b7
11.a3 c5
12.Nc3xd5 Bb7xd5
13.O-O Bd5b7
14.Qd1c2 Nb8a6
15.Rf1d1 cxd4
16.Bd3h7 Kh8
17.Rd1xd4 Ra8c8
18.Qc2d3 Na6c5
19.Qd3c2 Nc5e4
20.Ra1d1 Rc8xc2
{ resign }
0-1

[Event "1/128 Finale"]
[Site "www.chess-mail.com"]
[Date "2019.10.29"]
[Round "1"]
[White "Fereike"]
[Black "Bahadirozen"]
[WhiteElo "1590"]
[BlackElo "1809"]
[Result "1-0"]
[Round "1"]
1.Ng1f3 Ng8f6
2.g3 d5
3.Bf1g2 c5
4.O-O Nb8c6
5.d3 e5
6.c4 d4
7.e3 Bf8e7
8.a3 O-O
9.Rf1e1  { time }
1-0

[Event "Tourn. n10165"]
[Site "www.echecsemail.com"]
[Date "2019.10.30"]
[Round "1"]
[White "Seger"]
[Black "Jerome"]
[WhiteElo "2850"]
[BlackElo "2369"]
[Result "1/2-1/2"]
[Round "1"]
1.e4 c5
2.Ng1f3 e6
3.c3 Ng8f6
4.e5 Nf6d5
5.d4 cxd4
6.cxd4 d6
7.Bf1c4 Nd5b6
8.Bc4d3 Nb8c6
9.O-O Nc6b4
10.Bc1g5 Bf8e7
11.Bg5xe7 Qd8xe7
12.Bd3e4 d5
13.Be4d3 Nb4xd3
14.Qd1xd3 O-O
15.b3 Bc8d7
16.h4 h6
17.Rf1c1 a5
18.a4 Nb6c8
19.Qd3d2 Qe7b4
20.Qd2xb4 axb4
21.Nb1d2 Nc8a7
22.Rc1c7 Bd7c6
23.Ra1c1 Ra8c8
24.Rc7xc8 Rf8xc8
25.Nf3e1 Bc6d7
26.Rc1xc8 Bd7xc8
27.f4 Na7c6
28.Ne1c2 Bc8d7
29.Nd2f3 Bd7e8
30.g4 f6
31.exf6 gxf6
32.h5 Kg7
33.Kf2 f5
34.gxf5 Kf6
35.Nf3e5 Nc6a5
36.fxe6 Kxe6
37.Nc2xb4 Na5xb3
38.Ne5g4 Nb3xd4
39.Ng4xh6 Be8xh5
40.Ke3 Nd4b3
41.f5 Kd6
42.Nb4d3 b6
43.Kf4 Nb3d4
44.Ke3 Nd4b3
45.Kf4 { draw }
1/2-1/2

[Event "Tourn. n10207"]
[Site "www.echecsemail.com"]
[Date "2019.10.30"]
[Round "1"]
[White "Estonia"]
[Black "Odin"]
[WhiteElo "1950"]
[BlackElo "1900"]
[Result "0-1"]
[Round "1"]
1.c4 Ng8f6
2.Nb1c3 e6
3.d4 d5
4.Ng1f3 Nb8c6
5.Bc1g5 Bf8e7
6.e3 h6
7.Bg5xf6 Be7xf6
8.cxd5 exd5
9.Bf1b5 Bc8g4
10.h3 Bg4h5
11.Bb5e2 O-O
12.Ra1c1 a6
13.O-O Rf8e8
14.Nf3h2 Bh5g6
15.Be2h5 Bg6h7
16.Bh5f3 Nc6b4
17.a3 Nb4d3
18.Qd1xd3 Bh7xd3
19.Rf1d1 Bd3h7
20.Nh2g4 c6
21.Ng4xf6 Qd8xf6
22.Nc3a4 Bh7f5
23.Na4c5 Bf5xh3
24.gxh3 Qf6xf3
25.Nc5xb7 Qf3xh3
26.Nb7c5 Ra8b8
27.b4 a5
28.Nc5d3 Re8e4
29.Nd3f4 Re4xf4
30.exf4 Qh3xa3
31.bxa5 Qa3xa5
32.Rc1xc6 Rb8b2
33.Rc6c5 Qa5d8
34.Rd1c1 Qd8h4
35.Rc1f1 Qh4xf4
36.Rc5xd5 Qf4g4
37.Kh2 Qg4f4
38.Kg2 Qf4e4
{ resign }
0-1

[Event "Tourn. n10236"]
[Site "www.echecsemail.com"]
[Date "2019.10.30"]
[Round "1"]
[White "Fantomas"]
[Black "Bira47"]
[WhiteElo "2210"]
[BlackElo "2050"]
[Result "1/2-1/2"]
[Round "1"]
1.e4 c5
2.Ng1f3 e6
3.d4 cxd4
4.Nf3xd4 a6
5.Bf1d3 b5
6.O-O Bc8b7
7.Rf1e1 Bf8e7
8.a3 h6
9.Qd1g4 Be7f8
10.e5 Ng8e7
11.Nb1c3 g6
12.Nc3e4 Ne7g8
13.Ne4d6 Bf8xd6
14.exd6 Ng8f6
15.Qg4g3 Nf6h5
16.Qg3e5 Qd8f6
17.Bc1f4 Qf6xe5
18.Bf4xe5 Rh8g8
19.g4 f6
20.Be5g3 Nh5xg3
21.hxg3 Kf7
22.Re1e3 Nb8c6
23.Nd4f3 g5
24.Ra1d1 Nc6a5
25.b3 Ra8c8
26.Rd1d2 { draw }
1/2-1/2

[Event "Match"]
[Site "www.echecsemail.com"]
[Date "2019.10.30"]
[Round "1"]
[White "Biohazard"]
[Black "Lesbianstar"]
[WhiteElo "2860"]
[BlackElo "1499"]
[Result "0-1"]
[Round "1"]
1.e4 c5
2.f4 Nb8c6
3.Ng1f3 e6
4.d4 d5
5.e5 Ng8h6
6.f5 exf5
7.Bf1b5 cxd4
8.O-O Nh6g4
9.Bc1g5 f6
10.exf6 gxf6
11.Bb5xc6 bxc6
12.Bg5xf6 Qd8xf6
13.b3 Bf8c5
14.Qd1e2 Ng4e3
15.Qe2xe3 dxe3
16.Nb1c3 Qf6xc3
17.Nf3e5 Qc3xe5
18.b4 e2
{ resign }
0-1

[Event "Tourn. n10154"]
[Site "www.echecsemail.com"]
[Date "2019.10.30"]
[Round "1"]
[White "Jerome"]
[Black "Ejner"]
[WhiteElo "2269"]
[BlackElo "2530"]
[Result "1-0"]
[Round "1"]
1.e4 e6
2.d4 d5
3.Nb1c3 Bf8b4
4.e5 c5
5.a3 Bb4xc3
6.bxc3 Ng8e7
7.Qd1g4 Ne7f5
8.Bf1d3 h5
9.Qg4f4 Qd8c7
10.Bd3xf5 cxd4
11.Ng1e2 exf5
12.cxd4 Qc7xc2
13.Qf4g3 Kf8
14.Bc1h6 Rh8xh6
15.Ra1c1 Qc2xc1
16.Ne2xc1 Nb8c6
17.Qg3e3 b6
18.O-O Bc8a6
19.Nc1d3 f4
20.Qe3d2 f3
21.Rf1c1 Ba6c4
22.Nd3f4 b5
23.gxf3 a5
24.Nf4g2 b4
25.Ng2e3 bxa3
26.Ne3xc4 dxc4
27.f4 Rh6g6
28.Kf1 Ra8b8
29.d5 Nc6b4
30.d6 Nb4d3
31.Rc1xc4 Nd3xf4
32.Qd2xf4 Rg6g4
33.Qf4c1 { resign }
1-0

[Event "Tourn. n10196"]
[Site "www.echecsemail.com"]
[Date "2019.10.30"]
[Round "1"]
[White "D4minance"]
[Black "Jerome"]
[WhiteElo "2850"]
[BlackElo "2480"]
[Result "1-0"]
[Round "1"]
1.d4 Ng8f6
2.c4 c5
3.d5 e6
4.Nb1c3 exd5
5.cxd5 d6
6.e4 g6
7.f4 Bf8g7
8.Bf1b5 Nf6d7
9.Bb5d3 O-O
10.Ng1f3 Nd7f6
11.O-O Bc8g4
12.h3 Bg4xf3
13.Qd1xf3 Nb8d7
14.Bc1e3 a6
15.a4 Nf6e8
16.Kh1 Ra8b8
17.Be3d2 Ne8c7
18.b3 b5
19.Ra1d1 Bg7d4
20.Bd3c2 Qd8e7
21.Rd1e1 Rf8c8
22.Nc3d1 Rc8e8
23.Qf3g3 Kh8
24.Nd1e3 Nd7f6
25.Ne3d1 Nf6d7
26.Qg3d3 Qe7f8
27.g4 Qf8g7
28.g5 Nc7a8
29.h4 f6
30.Nd1f2 bxa4
31.bxa4 fxg5
32.hxg5 c4
33.Qd3xc4 Na8b6
34.Qc4d3 Nd7c5
35.Qd3h3 Nb6c4
36.Bd2c1 { resign }
1-0

[Event "Match"]
[Site "www.echecsemail.com"]
[Date "2019.10.30"]
[Round "1"]
[White "Biohazard"]
[Black "Lesbianstar"]
[WhiteElo "2860"]
[BlackElo "1499"]
[Result "0-1"]
[Round "1"]
1.h4 d5
2.e3 e5
3.Nb1c3 Bf8b4
4.Ng1f3 Nb8c6
5.e4 d4
6.Nc3d5 Bc8g4
7.Bf1b5 a6
8.Bb5xc6 bxc6
9.a3 Bg4xf3
10.O-O Qd8xh4
11.g3 Qh4h5
12.d3 Qh5h1
{ resign }
0-1

[Event "Match"]
[Site "www.echecsemail.com"]
[Date "2019.10.30"]
[Round "1"]
[White "Joskomol"]
[Black "Pavouk"]
[WhiteElo "2020"]
[BlackElo "1199"]
[Result "1-0"]
[Round "1"]
1.d4 e6
2.Ng1f3 f6
3.Bc1e3 Ng8h6
4.c3 d5
5.Be3f4 Bf8d6
6.e3 e5
7.dxe5 fxe5
8.Bf4xe5 Bd6xe5
9.Nf3xe5 Qd8h4
10.g3 Qh4d4
11.Qd1xd4 Bc8g4
12.Ne5xg4 Nh6xg4
13.Qd4xg4 Rh8f8
14.Bf1b5 Ke7
15.Nb1a3 g5
16.f4 gxf4
17.Qg4xf4 Rf8h8
18.Rh1f1 Kd8
19.Ra1d1 Rh8g8
20.Rd1xd5 Kc8
21.Bb5d7 { resign }
1-0

[Event "Tourn. n10240"]
[Site "www.echecsemail.com"]
[Date "2019.10.31"]
[Round "1"]
[White "Fantomas"]
[Black "Argento"]
[WhiteElo "2220"]
[BlackElo "2210"]
[Result "0-1"]
[Round "1"]
1.e4 e5
2.Ng1f3 Nb8c6
3.Bf1c4 Bf8c5
4.O-O Ng8f6
5.Rf1e1 O-O
6.c3 Nf6xe4
7.Re1xe4 d5
8.Re4h4 Bc5e7
{ resign }
0-1

[Event "Match"]
[Site "www.echecsemail.com"]
[Date "2019.10.31"]
[Round "1"]
[White "Said13"]
[Black "Llord"]
[WhiteElo "1809"]
[BlackElo "1950"]
[Result "1-0"]
[Round "1"]
1.c4 e5
2.Nb1c3 Ng8f6
3.g3 d5
4.cxd5 Nf6xd5
5.Bf1g2 Nd5xc3
6.bxc3 Bf8c5
7.Qd1a4 c6
8.Ng1f3 e4
9.Qa4xe4 Qd8e7
10.Qe4xe7 Bc5xe7
11.d4 O-O
12.O-O Nb8a6
13.e4 c5
14.d5 Bc8g4
15.Ra1b1 b6
16.Nf3e5 Bg4e2
17.Rf1e1 Be2h5
18.Ne5c6 Rf8e8
19.Nc6xe7 Re8xe7
20.e5 Ra8e8
21.f4 f6
22.d6 Re7d7
23.Bg2c6 { resign }
1-0

[Event "Tourn. n10230"]
[Site "www.echecsemail.com"]
[Date "2019.10.31"]
[Round "1"]
[White "Fantomas"]
[Black "Churrasca"]
[WhiteElo "2220"]
[BlackElo "2240"]
[Result "0-1"]
[Round "1"]
1.e4 c5
2.Ng1f3 d6
3.d4 cxd4
4.Nf3xd4 Ng8f6
5.Nb1c3 a6
6.Bf1c4 e6
7.a4 Bf8e7
8.O-O O-O
9.Rf1e1 Nb8c6
10.Nd4f3 Bc8d7
11.h3 h6
12.Bc1f4 Qd8c7
13.Bf4g3 Rf8d8
14.e5 dxe5
15.Nf3xe5 Nc6xe5
16.Bg3xe5 Qc7xc4
17.Qd1c1 Bd7c6
18.Be5g3 Nf6h5
19.Bg3e5 Be7g5
{ resign }
0-1